<?xml version="1.0" encoding="UTF-8"?>
<record
    xmlns:xsi="http://www.w3.org/2001/XMLSchema-instance"
    xsi:schemaLocation="http://www.loc.gov/MARC21/slim http://www.loc.gov/standards/marcxml/schema/MARC21slim.xsd"
    xmlns="http://www.loc.gov/MARC21/slim">

  <leader>01447nam a22002897a 4500</leader>
  <controlfield tag="003">CO-NeUS</controlfield>
  <controlfield tag="005">20180209100500.0</controlfield>
  <controlfield tag="008">150410b        sp ||||| |||| 00| 0 spn d</controlfield>
  <datafield tag="020" ind1=" " ind2=" ">
    <subfield code="a">9788476589854</subfield>
  </datafield>
  <datafield tag="040" ind1=" " ind2=" ">
    <subfield code="a">CO-NeUS</subfield>
    <subfield code="b">Espa&#xF1;ol</subfield>
    <subfield code="c">CO-NeUS</subfield>
  </datafield>
  <datafield tag="041" ind1=" " ind2=" ">
    <subfield code="a">spa</subfield>
  </datafield>
  <datafield tag="082" ind1=" " ind2=" ">
    <subfield code="2">1a edici&#xF3;n</subfield>
    <subfield code="a">302</subfield>
    <subfield code="b">W132d</subfield>
  </datafield>
  <datafield tag="100" ind1=" " ind2=" ">
    <subfield code="a">Wagner, Wolfgang</subfield>
    <subfield code="9">90387</subfield>
  </datafield>
  <datafield tag="245" ind1=" " ind2=" ">
    <subfield code="a">El discurso de lo cotidiano y el sentido com&#xFA;n</subfield>
    <subfield code="b">la teor&#xED;a de las representaciones sociales</subfield>
    <subfield code="c">Wagner, Wolfgang</subfield>
  </datafield>
  <datafield tag="250" ind1=" " ind2=" ">
    <subfield code="a">1a edici&#xF3;n</subfield>
  </datafield>
  <datafield tag="264" ind1=" " ind2=" ">
    <subfield code="a">Espa&#xF1;a</subfield>
    <subfield code="b">Anthropos</subfield>
    <subfield code="c">2011</subfield>
  </datafield>
  <datafield tag="300" ind1=" " ind2=" ">
    <subfield code="a">377 p&#xE1;ginas</subfield>
    <subfield code="b">Ilustrado</subfield>
    <subfield code="c">20 cm.</subfield>
  </datafield>
  <datafield tag="504" ind1=" " ind2=" ">
    <subfield code="a">Incluye referencia bibliogr&#xE1;fica, notas a pie de p&#xE1;gina, &#xED;ndice de figuras y tablas.</subfield>
  </datafield>
  <datafield tag="505" ind1=" " ind2=" ">
    <subfield code="a">Vida cotidiana, conocimiento racionalidad - Introducci&#xF3;n a las representaciones sociales - La topograf&#xED;a de la mentalidad moderna - Organizaci&#xF3;n y estructura de las representaciones sociales - La din&#xE1;mica de las representaciones sociales - Discurso transmisi&#xF3;n y universo compartido - Acci&#xF3;n, objetivacion y realidad social - Aspectos epistemologicos de la teor&#xED;a de la representaci&#xF3;n social - M&#xE9;todos en investigaci&#xF3;n de las representaciones sociales -</subfield>
  </datafield>
  <datafield tag="650" ind1=" " ind2=" ">
    <subfield code="a">Psicologia social</subfield>
    <subfield code="9">129459</subfield>
  </datafield>
  <datafield tag="650" ind1=" " ind2=" ">
    <subfield code="a">Psicologia de la comunidad</subfield>
    <subfield code="9">129384</subfield>
  </datafield>
  <datafield tag="650" ind1=" " ind2=" ">
    <subfield code="a">Representaciones sociales</subfield>
    <subfield code="9">130373</subfield>
  </datafield>
  <datafield tag="650" ind1=" " ind2=" ">
    <subfield code="a">Interaccion social</subfield>
    <subfield code="9">113771</subfield>
  </datafield>
  <datafield tag="700" ind1=" " ind2=" ">
    <subfield code="a">Flores Palacios, F&#xE1;tima</subfield>
    <subfield code="9">43149</subfield>
  </datafield>
  <datafield tag="700" ind1=" " ind2=" ">
    <subfield code="a">Hayes, Nicky</subfield>
    <subfield code="9">49070</subfield>
  </datafield>
  <datafield tag="942" ind1=" " ind2=" ">
    <subfield code="c">CG</subfield>
  </datafield>
  <datafield tag="999" ind1=" " ind2=" ">
    <subfield code="c">37656</subfield>
    <subfield code="d">37656</subfield>
  </datafield>
  <datafield tag="952" ind1=" " ind2=" ">
    <subfield code="0">0</subfield>
    <subfield code="1">2</subfield>
    <subfield code="2">ddc</subfield>
    <subfield code="7">0</subfield>
    <subfield code="8">GRAL</subfield>
    <subfield code="a">80</subfield>
    <subfield code="b">80</subfield>
    <subfield code="d">2015-04-10</subfield>
    <subfield code="e">Universidad Nacional de Colombia</subfield>
    <subfield code="h">2011/1a edici&#xF3;n</subfield>
    <subfield code="o">302/ W132d</subfield>
    <subfield code="p">900000004618</subfield>
    <subfield code="r">2015-04-10</subfield>
    <subfield code="t">Ej. 1</subfield>
    <subfield code="y">CG</subfield>
  </datafield>
</record>
